01817nam a2200241Ia 4500001000600000003000900006008004100015040001300056040001300069041001300082100001800095100002900113245004800142245004800190250001100238260001100249260001600260260004900276300005700325500112100382650004101503650003101544A6574IT-RoPAU130308s9999 xx 000 0 und d aIT-RoPAU cIT-RoPAU aITALIANO aOrfei Ruggero gCodice Aut. SPICS: 35957 aAnnotazioni per una lettura del cambiamento bAnnotazioni per una Lettura del Cambiamento a1a ed. aTORINO bSeat - Stet c1991 [1° Ed.:1991 - Ed.Ling.Originale:1991] a"312 p. (prefazione: no ; testo: 312 [pagine: 0-0])" aQuel che cambia Davvero in una Società che Cambia. Comunicazione e Storia. Eterno Comunicare. magazzino Sociale. Linguaggio/Tempo. Comunicazione di Massa. Valore Etico Dominante. Comunicazione Silenziosa. Segni Ambigui della Tecnologia: Maccina delle Idee. Segni Tecnologici. Persona e Gruppo. Bisogno del Modello da far Rinascere. Occhio Tecnologico. Tecnica Artistica e idea di Natura. immagine del Rinascimento. Accettazione del Nuovo. Questionedel ritmo Epocale. Dislocazione del Cambiamento. importanza dell'ambiente Culturale. Valore della Velocità. dominare Il Ritmo. Giano Bifronte Figliodella Tecnologia. Guerra e Pace. nuove tecnologie di Punta: immagine e Realtà. Industrialismo Come Nuova Forma Sociale. Società dell'Informazione. innovazione e Rivoluzione. Una Società dell'Immagine. Industria delle Immagini. Telematica. Media e relazioni Umane. Rivoluzione Produttiva. Indispensabilità del Progetto. Creazione continua Ovvero creare per Conservare. Prospettiva Planetaria. invenzioni e Loro Uso. Controllo Nucleare. manutenzione Ambientale. tecnologia Supplemento D'Ambiente. Bibliografia. aPOLITICA DELLA COMUNICAZIONE SOCIALE eCodice materia Spics: 3803